| 000 | 00404nam a22001217a 4500 | ||
|---|---|---|---|
| 082 | _a346.54910435 MOK | ||
| 100 | _aMokal, Sardar Muhammad Iqbal Khan | ||
| 245 |
_aThe Easements Act (V of 1882) with Commentary / _cSardar Muhammad Iqbal Khan Mokal |
||
| 260 |
_aLahore : _bPLD Publishers, _c2019. |
||
| 300 |
_a134 p. ; _c24 cm. |
||
| 942 |
_2ddc _cBK |
||
| 999 |
_c585992 _d585992 |
||